00410cam a2200169ua 4500020001200000041001000012082001900022100002200041245005500063250001200118260005500130300001200185365001200197504000500209942000700214999001900221 cRs 3.50 ahinh a891.43bSCU/CH aSudharshanan, . aChar kahaniyam / cSudarshanan.hTextual Documents a1 / b. aMumbai : bHindi Granth Sathkar Patvakar , c1946. a140 ; . aRs 3.50 a cBK c330030d330030